[Event "Lansing (Mini-Swiss.1/1)"]
[Site "?"]
[Date "1995.??.??"]
[Round "?"]
[White "Garrison, Ray"]
[Black "Estlick, Laurence"]
[Result "0-1"]
[WhiteElo "1995"]
[BlackElo "2080"]
[PlyCount "50"]
[EventDate "1995.??.??"]

{1/(1)} 1. Nf3 d5 2. d4 Nf6 3. Bf4 e6 4. Nbd2 Be7 5. e3 Nbd7 6. Ne5 O-O 7. Bd3
c5 8. c3 Nxe5 9. dxe5 Nd7 10. Qh5 g6 11. Qh6 Re8 12. Nf3 Bf8 13. Qh3 Bg7 14.
Bh6 Nxe5 15. Bb5 Nxf3+ 16. gxf3 e5 17. Qg2 Bxh6 18. Bxe8 Qxe8 19. O-O-O d4 20.
Rhe1 Bf5 21. Re2 Qb5 22. Red2 dxc3 23. Rd8+ Rxd8 24. Rxd8+ Kg7 25. b3 Qe2 0-1

[Event "East Lansing (MI Op/2/8)"]
[Site "?"]
[Date "1995.??.??"]
[Round "?"]
[White "Garrison, Ray"]
[Black "Ciaffone, Bob"]
[Result "0-1"]
[WhiteElo "1945"]
[BlackElo "2200"]
[PlyCount "76"]
[EventDate "1995.??.??"]

{2/(8)} 1. d4 d5 2. Nf3 Nf6 3. Bf4 c5 4. e3 Nc6 5. c3 Qb6 6. Qb3 c4 7. Qxb6
axb6 8. Na3 Ra5 9. Be2 Bf5 10. Nh4 Bd7 11. Bc7 Ra6 12. O-O Na7 13. Nf3 Bf5 14.
Ne5 e6 15. Nexc4 dxc4 16. Bxc4 Bxa3 17. Bxa6 Bxb2 18. Bxb7 Kd7 19. Bxb6 Rb8 20.
Bxa7 Rxb7 21. Bc5 Bxa1 22. Rxa1 Rb1+ 23. Rxb1 Bxb1 24. a4 Kc6 25. Bb4 Bc2 26.
a5 Kb5 27. f3 Nd5 28. e4 Nxb4 29. cxb4 Bb3 30. Kf2 Bc4 31. Ke3 Kxb4 32. Kf4 f6
33. g4 Kxa5 34. g5 Kb6 35. gxf6 gxf6 36. Kg4 Kc6 37. e5 f5+ 38. Kg5 Kd5 0-1

[Event "East Lansing (Class A/3/1)"]
[Site "?"]
[Date "1995.??.??"]
[Round "?"]
[White "Garrison, Ray"]
[Black "Calton, David A"]
[Result "0-1"]
[WhiteElo "1915"]
[BlackElo "1880"]
[PlyCount "98"]
[EventDate "1995.??.??"]

{3/(1)} 1. d4 g6 2. Nf3 Bg7 3. Bf4 d6 4. Nbd2 Nc6 5. c3 e5 6. dxe5 dxe5 7. Bg5
f6 8. Bh4 Nge7 9. Qb3 Qd5 10. Qc2 O-O 11. e3 Qf7 12. Ne4 Bf5 13. Bd3 b6 14. b3
Be6 15. Bxf6 Bxf6 16. Neg5 Bxg5 17. Nxg5 Qf6 18. Nxe6 Qxe6 19. Bc4 Nd5 20. e4
Nce7 21. exd5 Nxd5 22. O-O-O c6 23. b4 b5 24. Bb3 a5 25. bxa5 Rxa5 26. Qd2 Ra7
27. c4 bxc4 28. Bxc4 Kg7 29. Rhe1 Qd6 30. Qb2 Qa3 31. Qxa3 Rxa3 32. Kb2 Ra4 33.
Bxd5 cxd5 34. Re2 d4 35. Kb3 Rfa8 36. Rdd2 Kf6 37. f3 Kf5 38. Rf2 h5 39. g4+
hxg4 40. fxg4+ Kxg4 41. Rg2+ Kh5 42. Rd3 Ra3+ 43. Kc4 Rc8+ 44. Kd5 Rxd3 45.
Kxe5 Rdc3 46. Kxd4 Rc2 47. Rxc2 Rxc2 48. a4 Rxh2 49. a5 Ra2 0-1

[Event "Ann Arbor (MLS Jul/2/1)"]
[Site "?"]
[Date "1995.??.??"]
[Round "?"]
[White "Gardner, J."]
[Black "Kung, Fred"]
[Result "1-0"]
[WhiteElo "2310"]
[BlackElo "1875"]
[PlyCount "75"]
[EventDate "1995.??.??"]

{2/(1)} 1. e4 e6 2. d4 d5 3. Nd2 c5 4. Ngf3 Nc6 5. Bb5 a6 6. Bxc6+ bxc6 7. O-O
cxd4 8. Re1 c5 9. exd5 Qxd5 10. b4 Nf6 11. bxc5 Bxc5 12. Nb3 Bd6 13. Bb2 Bb7
14. Bxd4 O-O 15. c4 Qh5 16. Bxf6 Bb4 17. Bb2 Bxe1 18. Nxe1 Qg6 19. Qd7 Be4 20.
Rd1 Qg5 21. Qd2 Qe7 22. Rc1 Rfd8 23. Qe3 Bc6 24. Nf3 Ra7 25. Nfd4 Rad7 26. Nxc6
Rd1+ 27. Qe1 Rxe1+ 28. Rxe1 Qd7 29. Nxd8 Qxd8 30. c5 Qd7 31. Rc1 Qc6 32. Nd4
Qb7 33. Ba1 e5 34. c6 Qc7 35. Nf5 f6 36. Ne7+ Kf7 37. Nd5 Qd6 38. c7 1-0

[Event "East Lansing (Class DE/1/7)"]
[Site "?"]
[Date "1995.??.??"]
[Round "?"]
[White "Gaiefsky, S."]
[Black "O'Dell, Ray"]
[Result "1-0"]
[WhiteElo "1605"]
[BlackElo "1605"]
[PlyCount "69"]
[EventDate "1995.??.??"]

{1/(7)} 1. d4 d5 2. c4 dxc4 3. e4 e6 4. Bxc4 Bb4+ 5. Nc3 Ne7 6. Nf3 f6 7. O-O
Bxc3 8. bxc3 O-O 9. Ba3 Kh8 10. Qd2 b6 11. Rfe1 Re8 12. Re3 Qd7 13. Rb1 a6 14.
Bb3 Nbc6 15. Rd1 Na5 16. Qe2 Nxb3 17. axb3 a5 18. c4 Bb7 19. e5 Bxf3 20. Qxf3
Nf5 21. Re4 fxe5 22. dxe5 Qc6 23. Qd3 Rad8 24. Qxd8 Rg8 25. Qd3 h6 26. Rf4 g5
27. Rxf5 exf5 28. Qxf5 Qg6 29. Qxg6 Rxg6 30. Rd7 c5 31. Bb2 Kg8 32. Rd6 Rg7 33.
e6 Rg6 34. Rd8+ Kh7 35. Rh8# 1-0

[Event "East Lansing (Class DE/3/3)"]
[Site "?"]
[Date "1995.??.??"]
[Round "?"]
[White "Gaiefsky, S."]
[Black "Kenworthy, Matt"]
[Result "1-0"]
[WhiteElo "1605"]
[BlackElo "1605"]
[PlyCount "119"]
[EventDate "1995.??.??"]

{3/(3)} 1. d4 d5 2. c4 c6 3. Nc3 Nf6 4. Bg5 e6 5. Nf3 Nbd7 6. Ne5 Qc7 7. Bf4
Ng4 8. Nd3 e5 9. dxe5 Ngxe5 10. Nxe5 Nxe5 11. cxd5 Bb4 12. e4 Bxc3+ 13. bxc3
cxd5 14. Bb5+ Kf8 15. O-O f6 16. Qxd5 Nf3+ 17. gxf3 Qxf4 18. Qc5+ Kf7 19. Qh5+
g6 20. Qd5+ Ke7 21. Rfd1 Bh3 22. Qc5+ Kf7 23. Bf1 Qxf3 24. Qc7+ Kf8 25. Bxh3
Qxh3 26. Rd8+ Rxd8 27. Qxd8+ Kg7 28. Qe7+ Kh6 29. Qxf6 Rc8 30. Qf4+ Kg7 31. Rc1
Kg8 32. Qe5 Qg4+ 33. Kf1 Qh3+ 34. Ke1 Rd8 35. Qe7 Qd3 36. Qe6+ Kf8 37. Qf6+ Ke8
38. Qh8+ Kf7 39. Qxh7+ Kf6 40. Qh4+ Kf7 41. Qf4+ Kg8 42. Qh6 Qxe4+ 43. Qe3 Qh1+
44. Ke2 Qxh2 45. Qe6+ Kf8 46. Qf6+ Ke8 47. Qxg6+ Kf8 48. Qf6+ Ke8 49. Qe6+ Kf8
50. Qf5+ Ke8 51. Rd1 Rb8 52. Qg6+ Ke7 53. Qg7+ Ke6 54. Qd7+ Kf6 55. Rd6+ Kg5
56. Qe7+ Kg4 57. Rg6+ Kf5 58. Rf6+ Kg5 59. Qg7+ Kh4 60. Rh6# 1-0

[Event "East Lansing (Class DE/5/4)"]
[Site "?"]
[Date "1995.??.??"]
[Round "?"]
[White "Gaiefsky, S."]
[Black "Hartwig, Thomas"]
[Result "0-1"]
[WhiteElo "1605"]
[BlackElo "1605"]
[PlyCount "120"]
[EventDate "1995.??.??"]

{5/(4)} 1. d4 d5 2. c4 dxc4 3. e4 e5 4. d5 Nf6 5. Nc3 Bb4 6. f3 O-O 7. Bxc4 c6
8. a3 Bxc3+ 9. bxc3 cxd5 10. exd5 Qa5 11. Ne2 Rd8 12. d6 Qc5 13. Bb3 Qxd6 14.
Qc2 Be6 15. Ba4 a6 16. c4 Bxc4 17. O-O Bxe2 18. Qxe2 Qd4+ 19. Be3 Qxa4 20. Rad1
Nc6 21. Bb6 Rxd1 22. Rxd1 Qb5 23. Qxb5 axb5 24. g4 g5 25. Rd6 Kg7 26. Be3 Rd8
27. Rxd8 Nxd8 28. Bb6 Ne6 29. Kf2 Nd4 30. h3 Nc2 31. Bc5 b6 32. Bd6 Nd5 33.
Bxe5+ f6 34. Bb2 Nf4 35. Kg1 Nd3 36. Bc3 Nxa3 37. Bd4 b4 38. Bxb6 b3 39. Bd4 b2
40. Bxb2 Nxb2 41. Kf2 Nbc4 42. Kg3 Ne5 43. Kf2 Nac4 44. Kg3 Nd2 45. Kf2 Ndxf3
46. Kg3 Ng1 47. Kg2 Nxh3 48. Kxh3 Nxg4 49. Kxg4 Kg6 50. Kf3 Kf5 51. Kg3 h5 52.
Kf3 h4 53. Kg2 Kg4 54. Kf2 f5 55. Kg2 h3+ 56. Kh2 f4 57. Kg1 Kg3 58. Kh1 g4 59.
Kg1 f3 60. Kh1 Kf2 0-1

[Event "East Lansing (Class A/1/8)"]
[Site "?"]
[Date "1995.??.??"]
[Round "?"]
[White "Gaiefsky, Mike"]
[Black "Smith, Mike A"]
[Result "1-0"]
[WhiteElo "1830"]
[BlackElo "1920"]
[PlyCount "77"]
[EventDate "1995.??.??"]

{1/(8)} 1. Nf3 d5 2. d4 Nf6 3. c4 e6 4. Nc3 Be7 5. e3 O-O 6. Bd2 Re8 7. Bd3
Nbd7 8. O-O c6 9. Qc2 Bd6 10. c5 Bc7 11. b4 e5 12. dxe5 Nxe5 13. Nxe5 Bxe5 14.
f4 Bxc3 15. Bxc3 Rxe3 16. Bd4 Re8 17. f5 Bd7 18. Rf3 a5 19. b5 cxb5 20. Raf1
Rc8 21. g4 b6 22. g5 bxc5 23. Bxf6 gxf6 24. g6 c4 25. Qd2 cxd3 26. Qh6 fxg6 27.
fxg6 Qe7 28. Rxd3 Qg7 29. Qd2 Re5 30. Rg3 hxg6 31. Qxa5 Re2 32. Qb6 Qh6 33. h3
Rce8 34. Qxf6 R2e6 35. Qf7+ Kh8 36. Qxd7 Re1 37. Qf7 Rxf1+ 38. Qxf1 Rf8 39. Qd1
$138 1-0

[Event "East Lansing (Class A/4/8)"]
[Site "?"]
[Date "1995.??.??"]
[Round "?"]
[White "Gaiefsky, Mike"]
[Black "Arganian, David H"]
[Result "0-1"]
[WhiteElo "1830"]
[BlackElo "1850"]
[PlyCount "46"]
[EventDate "1995.??.??"]

{4/(8)} 1. Nf3 Nf6 2. d4 g6 3. c4 Bg7 4. Nc3 d5 5. cxd5 Nxd5 6. e4 Nxc3 7. bxc3
O-O 8. Bc4 c5 9. O-O Nc6 10. Be3 Bg4 11. h3 Bxf3 12. Qxf3 cxd4 13. cxd4 Nxd4
14. Bxd4 Qxd4 15. Rac1 Qf6 16. Qb3 a6 17. a4 Rab8 18. Rfe1 e6 19. Rb1 Rfc8 20.
Qg3 Qc3 21. Qxc3 Bxc3 22. Rec1 Rxc4 23. Rb3 Rxa4 0-1

[Event "East Lansing (Class DE/3/14)"]
[Site "?"]
[Date "1995.??.??"]
[Round "?"]
[White "Gaiefsky, Joey"]
[Black "Sansone, W."]
[Result "1-0"]
[WhiteElo "1605"]
[BlackElo "1605"]
[PlyCount "47"]
[EventDate "1995.??.??"]

{3/(14)} 1. e4 c5 2. Nf3 d6 3. d4 cxd4 4. Nxd4 Nf6 5. Nc3 g6 6. Nf3 Bg7 7. e5
dxe5 8. Qxd8+ Kxd8 9. Nxe5 Be6 10. Bg5 Nbd7 11. O-O-O a6 12. Bc4 Bxc4 13. Nxc4
Ke8 14. Rhe1 e6 15. Bxf6 Bxf6 16. Nd6+ Ke7 17. Nxf7 Kxf7 18. Rxd7+ Be7 19. Rxb7
Rhe8 20. Ne4 Rad8 21. Ng5+ Kg7 22. Nxe6+ Kf7 23. Nxd8+ Rxd8 24. Rexe7+ 1-0

[Event "East Lansing (Class DE/5/7)"]
[Site "?"]
[Date "1995.??.??"]
[Round "?"]
[White "Gaiefsky, Joey"]
[Black "Prince, S."]
[Result "0-1"]
[WhiteElo "1605"]
[BlackElo "1605"]
[PlyCount "68"]
[EventDate "1995.??.??"]

{5/(7)} 1. e4 c5 2. Nf3 d6 3. d4 cxd4 4. Nxd4 Nf6 5. Nc3 g6 6. Bd3 Bg7 7. Be3
O-O 8. Qd2 Ng4 9. O-O-O Nxe3 10. Qxe3 Bd7 11. Bb5 Bxb5 12. Ndxb5 Nc6 13. f4 a6
14. Na3 Qc7 15. Nd5 Qd8 16. e5 b5 17. exd6 exd6 18. Qf3 b4 19. Nc4 Nd4 20. Qd3
Rb8 21. Rhe1 a5 22. c3 bxc3 23. bxc3 Nc6 24. a4 Re8 25. Rxe8+ Qxe8 26. Nxd6 Qd7
27. Ne4 Qb7 28. Kd2 f5 29. Nef6+ Bxf6 30. Nxf6+ Kf7 31. Nxh7 Rd8 32. Ng5+ Kg8
33. Re1 Rxd3+ 34. Kxd3 Qb8 0-1

[Event "East Lansing (Class DE/2/11)"]
[Site "?"]
[Date "1995.??.??"]
[Round "?"]
[White "Gaiefsky, Joey"]
[Black "Hartwig, Thomas"]
[Result "0-1"]
[WhiteElo "1605"]
[BlackElo "1605"]
[PlyCount "98"]
[EventDate "1995.??.??"]

{2/(11)} 1. e4 c5 2. Nf3 d6 3. d4 cxd4 4. Nxd4 Nf6 5. Nc3 g6 6. Bg5 Bg7 7. Bb5+
Bd7 8. Bxd7+ Qxd7 9. O-O Nc6 10. Qd2 Nxe4 11. Nxe4 Nxd4 12. Bh6 Bxh6 13. Qxh6
Nxc2 14. Qg7 Rf8 15. Rac1 Nb4 16. a3 Nd3 17. Rcd1 Ne5 18. Qxh7 O-O-O 19. Qh6
Rh8 20. Qe3 Kb8 21. b4 Rxh2 22. f3 Rdh8 23. Kf2 Qc7 24. Rc1 Qb6 25. Qxb6 axb6
26. a4 Nd3+ 27. Ke2 Nxc1+ 28. Rxc1 Rxg2+ 29. Ke3 Rc8 30. Rb1 Ra2 31. a5 bxa5
32. bxa5 Rxa5 33. Rb3 Re5 34. f4 Re6 35. Kf3 Rh8 36. Re3 Rh3+ 37. Kf2 Rxe3 38.
Kxe3 f5 39. Kd4 Rxe4+ 40. Kd5 e6+ 41. Kxd6 Rd4+ 42. Kxe6 Kc7 43. Kf7 Rxf4 44.
Kxg6 Kd6 45. Kg5 Ke5 46. Kg6 Ke6 47. Kg5 Rg4+ 48. Kh5 Kf6 49. Kh6 Rh4# 0-1

[Event "East Lansing (MEX/4/5)"]
[Site "?"]
[Date "1995.??.??"]
[Round "?"]
[White "Gabbara, Faris"]
[Black "Ward, Tom"]
[Result "0-1"]
[WhiteElo "2170"]
[BlackElo "2215"]
[PlyCount "108"]
[EventDate "1995.??.??"]

{4/(5)} 1. e4 c5 2. Nf3 d6 3. d4 cxd4 4. Nxd4 Nf6 5. Nc3 a6 6. Bc4 e6 7. Bb3 b5
8. Bg5 Be7 9. Qf3 Qc7 10. O-O-O O-O 11. Rhe1 Nc6 12. Nxc6 Qxc6 13. Qd3 Bb7 14.
Bxf6 gxf6 15. f4 Rfb8 16. f5 Bc8 17. Ne2 Bf8 18. Nd4 Qe8 19. Qg3+ Kh8 20. fxe6
fxe6 21. Nf5 a5 22. Nxd6 Bxd6 23. Qxd6 a4 24. Qd8 Qxd8 25. Rxd8+ Kg7 26. Rxc8
Rxc8 27. Bxe6 Rc7 28. a3 Rd8 29. Rd1 Rxd1+ 30. Kxd1 Kf8 31. g4 Ke7 32. Bd5 Kd6
33. Kd2 h5 34. gxh5 Rh7 35. c4 bxc4 36. Bxc4 Rxh5 37. b3 axb3 38. Bxb3 Rh3 39.
Kc2 Ke5 40. Kb2 Kxe4 41. a4 Kd4 42. a5 Rxh2+ 43. Ka3 Rh5 44. Kb4 Rh8 45. Ba4
Rb8+ 46. Bb5 f5 47. a6 f4 48. Ka4 Kc5 49. Be2 Rb2 50. Bd3 Kb6 51. Ka3 Rd2 52.
Bc4 f3 53. Kb3 f2 54. Kc3 Rd1 0-1

[Event "Detroit (MI Action/1/3)"]
[Site "?"]
[Date "1995.??.??"]
[Round "?"]
[White "Gabbara, Faris"]
[Black "Saenz, Scott"]
[Result "1-0"]
[WhiteElo "2200"]
[BlackElo "1605"]
[PlyCount "65"]
[EventDate "1995.??.??"]

{1/(3)} 1. e4 e5 2. f4 Nc6 3. Nf3 Bc5 4. Bc4 d6 5. c3 Nf6 6. d3 Bg4 7. h3 Bxf3
8. Qxf3 Na5 9. Bb5+ c6 10. Ba4 b5 11. b4 bxa4 12. bxc5 dxc5 13. fxe5 Nd7 14. e6
fxe6 15. Qh5+ g6 16. Qg4 Qe7 17. O-O Ne5 18. Qg3 Nf7 19. c4 O-O 20. Bb2 e5 21.
Nd2 Rab8 22. Bc3 Nb7 23. Nf3 Rbe8 24. Rf2 Qd6 25. Nh4 Kh8 26. Raf1 Nbd8 27. Rf6
Qe7 28. Rxg6 Rg8 29. Rxg8+ Rxg8 30. Qf2 Ne6 31. Qxf7 Qxh4 32. Qxe6 Qg5 33.
Bxe5+ 1-0

[Event "Eastpointe (EDO/5/1)"]
[Site "?"]
[Date "1995.??.??"]
[Round "?"]
[White "Gabbara, Faris"]
[Black "Rajlich, Vasik"]
[Result "0-1"]
[WhiteElo "2200"]
[BlackElo "2205"]
[PlyCount "97"]
[EventDate "1995.??.??"]

{5/(1)} 1. d4 d5 2. Nf3 Nf6 3. e3 g6 4. Bd3 Nc6 5. a3 Bg7 6. b4 e5 7. Bb5 exd4
8. exd4 O-O 9. O-O Qd6 10. Bb2 Bg4 11. h3 Bxf3 12. Qxf3 Ne4 13. Rd1 Rfe8 14. c3
Bh6 15. Bc1 Bxc1 16. Rxc1 Re6 17. Ra2 Rf6 18. Qe3 Ne7 19. Bd3 Nf5 20. Qe1 Re6
21. Re2 Rae8 22. Rcc2 Qf4 23. Nd2 Nxc3 24. Rxe6 Rxe6 25. Qc1 Ne2+ 26. Bxe2 Rxe2
27. Nf3 Qxc1+ 28. Rxc1 c6 29. Kf1 Ra2 30. Rc3 Nd6 31. Ke1 Rxf2 32. Rxc6 bxc6
33. Kxf2 Nc4 34. a4 Nb2 35. Ne5 Nxa4 36. Nxc6 Kf8 37. Nxa7 Ke8 38. Nc6 f6 39.
Ke3 Kd7 40. Na5 Kc7 41. Nb3 Kc6 42. Nc5 Nc3 43. Ne6 g5 44. Kf3 Kb5 45. Kg4 Kxb4
46. Nf8 Kc4 47. Ne6 Nb5 48. Nf8 Kxd4 49. Kf5 0-1

[Event "Eastpointe (EDO/2/3)"]
[Site "?"]
[Date "1995.??.??"]
[Round "?"]
[White "Gabbara, Faris"]
[Black "McCarter, Robert"]
[Result "1-0"]
[WhiteElo "2200"]
[BlackElo "1735"]
[PlyCount "71"]
[EventDate "1995.??.??"]

{2/(3)} 1. e4 c5 2. Nf3 d6 3. d4 cxd4 4. Nxd4 Nf6 5. Nc3 a6 6. Be2 e5 7. Nb3
Be7 8. a4 Be6 9. Be3 Nc6 10. O-O O-O 11. Kh1 Qc7 12. f4 exf4 13. Bxf4 Nb4 14.
Nd4 Qd7 15. Qe1 Rac8 16. Rd1 Rfd8 17. Bf3 Bg4 18. e5 Nh5 19. e6 Bxe6 20. Bxh5
Bc4 21. Be2 d5 22. Qg3 Bxe2 23. Ncxe2 Nxc2 24. Nxc2 Rxc2 25. Nd4 Rcc8 26. Be5
Bf8 27. Nf5 g6 28. Ne3 Qxa4 29. Nxd5 Bg7 30. Ne7+ Kh8 31. Bxg7+ Kxg7 32. Qe5+
Kh6 33. Rxd8 Rxd8 34. h3 Qb3 35. Qf6 Qa2 36. Nf5+ 1-0

[Event "Gaylord (NMO/5/1)"]
[Site "?"]
[Date "1995.??.??"]
[Round "?"]
[White "Gabbara, Faris"]
[Black "Kulbacki, James"]
[Result "1-0"]
[WhiteElo "2200"]
[BlackElo "1905"]
[PlyCount "129"]
[EventDate "1995.??.??"]

{5/(1)} 1. d4 Nf6 2. Nf3 b6 3. g3 Bb7 4. Bg2 e6 5. O-O Be7 6. c4 O-O 7. Nc3 Ne4
8. Bf4 Nxc3 9. bxc3 d6 10. Qc2 f5 11. Rfd1 Bf6 12. c5 Qe7 13. cxd6 cxd6 14.
Rac1 Nd7 15. Qb3 Kh8 16. Qa3 e5 17. dxe5 Nxe5 18. Qxd6 Nxf3+ 19. Bxf3 Qxd6 20.
Rxd6 Rf7 21. Bxb7 Rxb7 22. c4 Re8 23. e3 h6 24. h4 Be5 25. Bxe5 Rxe5 26. Rd5
Rbe7 27. Rcd1 g6 28. Rxe5 Rxe5 29. Rd8+ Kg7 30. Rd7+ Kf6 31. Rxa7 Rc5 32. Ra6
Rxc4 33. Rxb6+ Kf7 34. Ra6 g5 35. Rxh6 f4 36. hxg5 fxe3 37. fxe3 Rc1+ 38. Kf2
Rc2+ 39. Kf3 Rxa2 40. Rb6 Ra5 41. Kf4 Ra1 42. Rf6+ Kg7 43. e4 Rf1+ 44. Ke5 Rg1
45. Rf3 Kg6 46. Kf4 Ra1 47. Rd3 Rf1+ 48. Kg4 Re1 49. Rd6+ Kg7 50. Kf5 Rf1+ 51.
Ke6 Rf3 52. g4 Rf4 53. e5 Rxg4 54. Kf5 Rg1 55. Rd7+ Kf8 56. Kg6 Re1 57. Rf7+
Kg8 58. Rf5 Re2 59. Kf6 Kf8 60. g6 Rh2 61. e6 Re2 62. g7+ Kg8 63. e7 Re1 64.
Re5 Rf1+ 65. Ke6 1-0

[Event "Gaylord (NMO/3/1)"]
[Site "?"]
[Date "1995.??.??"]
[Round "?"]
[White "Gabbara, Faris"]
[Black "Kelly, J."]
[Result "1-0"]
[WhiteElo "2200"]
[BlackElo "1685"]
[PlyCount "101"]
[EventDate "1995.??.??"]

{3/(1)} 1. e4 e5 2. f4 Nc6 3. Nf3 Nf6 4. Nc3 Bc5 5. h3 d6 6. Bc4 Be6 7. d3 Bxc4
8. dxc4 a6 9. f5 Nd4 10. Bg5 c6 11. Qd3 b5 12. Nd2 h6 13. Bh4 g5 14. fxg6 fxg6
15. Bxf6 Qxf6 16. O-O-O O-O 17. Rhf1 Qg5 18. g3 Rxf1 19. Rxf1 Rf8 20. Rxf8+
Kxf8 21. cxb5 axb5 22. Kb1 Qf6 23. Nd1 Ke7 24. c3 Ne6 25. h4 Bb6 26. b4 h5 27.
Kb2 g5 28. Nf3 g4 29. Nd2 Nc7 30. Ne3 Bxe3 31. Qxe3 d5 32. Kc2 d4 33. Qe2 Qd6
34. Nb3 Ne6 35. Qd2 dxc3 36. Qxc3 Nd4+ 37. Nxd4 exd4 38. Qc5 Ke6 39. Qxd6+ Kxd6
40. Kd3 c5 41. bxc5+ Kxc5 42. a3 Kd6 43. Kxd4 Ke6 44. e5 Ke7 45. Kd5 Kd7 46.
e6+ Ke7 47. Ke5 Ke8 48. Kf6 Kf8 49. Kg6 Ke7 50. Kxh5 Kxe6 51. Kg6 1-0

[Event "Gaylord (NMO/1/1)"]
[Site "?"]
[Date "1995.??.??"]
[Round "?"]
[White "Gabbara, Faris"]
[Black "Iyer, Krishnan"]
[Result "1-0"]
[WhiteElo "2200"]
[BlackElo "1605"]
[PlyCount "57"]
[EventDate "1995.??.??"]

{1/(1)} 1. d4 Nf6 2. c4 g6 3. Nf3 Bg7 4. Nc3 O-O 5. e4 d6 6. Be2 Nbd7 7. O-O c6
8. h3 e5 9. d5 Qc7 10. Be3 Kh8 11. Qd2 Ng8 12. dxc6 bxc6 13. Rfd1 Rb8 14. b3
Qa5 15. Rac1 d5 16. cxd5 cxd5 17. Nxd5 Qxd2 18. Rxd2 Nb6 19. Nxb6 axb6 20. Rd6
f5 21. Rxb6 Rxb6 22. Bxb6 fxe4 23. Ng5 Bh6 24. h4 Ne7 25. Bc5 Re8 26. Nf7+ Kg7
27. Nxh6 Kxh6 28. Bxe7 Rxe7 29. Rxc8 1-0

[Event "Detroit (MI Action/6/2)"]
[Site "?"]
[Date "1995.??.??"]
[Round "?"]
[White "Gabbara, Faris"]
[Black "Herron, J."]
[Result "1-0"]
[WhiteElo "2200"]
[BlackElo "1750"]
[PlyCount "76"]
[EventDate "1995.??.??"]

{6/(2)} 1. d4 Nf6 2. Nf3 g6 3. c4 Bg7 4. Nc3 O-O 5. e4 d6 6. Be2 Nc6 7. h3 e5
8. d5 Ne7 9. Bg5 h6 10. Bh4 Nd7 11. g4 g5 12. Bg3 Ng6 13. Qd2 Nf4 14. h4 f6 15.
Bxf4 exf4 16. Nd4 Ne5 17. f3 gxh4 18. Qxf4 f5 19. exf5 Qg5 20. Qxg5 hxg5 21.
Ne6 Bxe6 22. dxe6 Bf6 23. Nd5 Rac8 24. Rd1 Kg7 25. Kf2 Nc6 26. Nxf6 Kxf6 27.
Ke3 Ne7 28. Ke4 Rh8 29. Rh3 Rcd8 30. Rd2 c6 31. Bd1 d5+ 32. cxd5 Rxd5 33. Rxd5
Nxd5 34. Bb3 Nf4 35. Rh2 Rd8 36. Ke3 a6 37. Bc2 Rh8 38. Be4 Ke5 1-0

[Event "Detroit (MI Action/3/3)"]
[Site "?"]
[Date "1995.??.??"]
[Round "?"]
[White "Gabbara, Faris"]
[Black "Choyke, J."]
[Result "1-0"]
[WhiteElo "2200"]
[BlackElo "1635"]
[PlyCount "39"]
[EventDate "1995.??.??"]

{3/(3)} 1. e4 e5 2. Nf3 Nc6 3. Bb5 Nd4 4. Nxd4 exd4 5. d3 c6 6. Bc4 b5 7. Bb3
a5 8. c3 Qf6 9. O-O Bc5 10. Qh5 Bb6 11. Bg5 Qg6 12. Qh4 f6 13. Bf4 Ne7 14. a4
b4 15. cxb4 axb4 16. Bd6 Ba6 17. Bd1 Qf7 18. Bxe7 Qxe7 19. Bh5+ Kd8 20. Be2 1-0

[Event "East Lansing (MEX/2/11)"]
[Site "?"]
[Date "1995.??.??"]
[Round "?"]
[White "Gabbara, Faris"]
[Black "Bailey, Greg"]
[Result "1-0"]
[WhiteElo "2170"]
[BlackElo "2080"]
[PlyCount "55"]
[EventDate "1995.??.??"]

{2/(11)} 1. e4 d6 2. d4 g6 3. c4 Bg7 4. Nc3 Nf6 5. Nf3 O-O 6. Be2 e5 7. dxe5
dxe5 8. Bg5 Qxd1+ 9. Rxd1 Nbd7 10. O-O c6 11. Ne1 Nc5 12. f3 Ne6 13. Be3 Nh5
14. g3 Nd4 15. Ng2 Nxe2+ 16. Nxe2 Be6 17. b3 Nf6 18. Rd3 Ne8 19. Bc5 f6 20.
Bxf8 Bxf8 21. Rfd1 Bc5+ 22. Kh1 a5 23. Nc3 Kf8 24. Na4 Bd4 25. Ne3 Rd8 26. Nc2
b5 27. Nc5 bxc4 28. Nxe6+ 1-0

[Event "Troy (TCC Beg/2/5)"]
[Site "?"]
[Date "1995.??.??"]
[Round "?"]
[White "Fuson, R."]
[Black "Young, L."]
[Result "1-0"]
[WhiteElo "1605"]
[BlackElo "1605"]
[PlyCount "59"]
[EventDate "1995.??.??"]

{2/(5)} 1. e4 c6 2. Nf3 d5 3. exd5 cxd5 4. d4 e6 5. c4 Nf6 6. Nc3 Be7 7. Bd3
O-O 8. O-O Bd7 9. Re1 Na6 10. a3 Bd6 11. c5 Nxc5 12. dxc5 Bxc5 13. Ne5 Re8 14.
Bg5 Be7 15. Bxf6 Bxf6 16. Bxh7+ Kf8 17. Qh5 Bxe5 18. Qxe5 Qh4 19. Bd3 Rac8 20.
Bb5 Bxb5 21. Nxb5 Rc2 22. Re2 Rxe2 23. Qxe2 Qf6 24. Rc1 e5 25. Nc7 Rc8 26. Qg4
Qh6 27. Qxc8+ Ke7 28. Nxd5+ Kd6 29. Qc5+ Kd7 30. Qe7# 1-0

[Event "Troy (US Am N/4/41)"]
[Site "?"]
[Date "1995.??.??"]
[Round "?"]
[White "Fuson, R."]
[Black "Silveri, Marco"]
[Result "0-1"]
[WhiteElo "1605"]
[BlackElo "1605"]
[PlyCount "72"]
[EventDate "1995.??.??"]

{4/(41)} 1. d4 Nf6 2. Nf3 g6 3. Bf4 d6 4. e3 Bg7 5. c4 c6 6. Nc3 O-O 7. Bd3
Nbd7 8. O-O Re8 9. Re1 e5 10. Bg5 Qc7 11. Bxf6 Nxf6 12. Ne4 Bg4 13. h3 Bxf3 14.
Qxf3 Nxe4 15. Bxe4 f5 16. Bc2 e4 17. Qf4 c5 18. Rad1 Red8 19. g4 Qf7 20. Kg2
Rf8 21. dxc5 dxc5 22. b3 Rae8 23. Rd5 b6 24. f3 exf3+ 25. Kxf3 fxg4+ 26. Kg3
Qxf4+ 27. exf4 Rxe1 28. hxg4 Rfe8 29. f5 g5 30. Rd7 R8e3+ 31. Kf2 R1e2+ 32. Kf1
Rxc2 33. Rxa7 Ree2 34. Rb7 Rh2 35. Kg1 Rhd2 36. Rb8+ Bf8 0-1

[Event "Troy (TCC Beg/5/2)"]
[Site "?"]
[Date "1995.??.??"]
[Round "?"]
[White "Fuson, R."]
[Black "Sharper, D."]
[Result "0-1"]
[WhiteElo "1605"]
[BlackElo "1605"]
[PlyCount "100"]
[EventDate "1995.??.??"]

{5/(2)} 1. d4 Nf6 2. e3 d5 3. Bd3 g6 4. Nc3 Bg7 5. Nf3 O-O 6. Ne5 c5 7. f4 cxd4
8. exd4 Qb6 9. Be2 Nc6 10. Nxc6 bxc6 11. O-O Ne4 12. Nxe4 dxe4 13. c3 Rd8 14.
Be3 Qxb2 15. Qd2 Qxd2 16. Bxd2 Rb8 17. Rab1 Be6 18. Rxb8 Rxb8 19. Be3 Bxa2 20.
Ra1 Rb1+ 21. Rxb1 Bxb1 22. g4 e6 23. Kf2 Bf8 24. Ba6 Ba3 25. Ke2 Kf8 26. Kd2
Ke7 27. c4 Bd3 28. Kc3 Bd6 29. h4 Bc7 30. Bb7 Kd7 31. Kb4 a5+ 32. Kc5 Bd6+ 33.
Kb6 Bxc4 34. Bxc6+ Ke7 35. Kxa5 Bd3 36. Bb5 Bc7+ 37. Kb4 Bxb5 38. Kxb5 Kd6 39.
Kc4 Ba5 40. Kb3 Kd5 41. Kc2 h5 42. gxh5 gxh5 43. Kd1 Bc3 44. Ke2 Bxd4 45. Bxd4
Kxd4 46. Kd2 e3+ 47. Ke2 Ke4 48. Ke1 Kf3 49. Kf1 e2+ 50. Ke1 f5 0-1

[Event "Troy (US Am N/2/36)"]
[Site "?"]
[Date "1995.??.??"]
[Round "?"]
[White "Fuson, R."]
[Black "Osak, J."]
[Result "1/2-1/2"]
[WhiteElo "1605"]
[BlackElo "1605"]
[PlyCount "98"]
[EventDate "1995.??.??"]

{2/(36)} 1. d4 c5 2. Nf3 c4 3. e4 b5 4. Bf4 d6 5. Be2 Bb7 6. d5 g6 7. c3 Bg7 8.
O-O Nf6 9. Nbd2 O-O 10. h3 Nh5 11. Be3 Nd7 12. Nd4 a6 13. Bxh5 gxh5 14. Qxh5
Nf6 15. Qh4 e6 16. Bh6 Nxe4 17. Qxe4 Bxh6 18. Qg4+ Qg5 19. Ne4 Qxg4 20. hxg4
Rad8 21. Nc6 Bxc6 22. dxc6 d5 23. Nf6+ Kh8 24. f4 Bg7 25. Nd7 Rfe8 26. f5 Rc8
27. f6 Bh6 28. Ne5 Be3+ 29. Kh1 Rc7 30. Rf3 Bc5 31. Raf1 Bd6 32. Re1 Bxe5 33.
Rxe5 Rg8 34. g5 Rg6 35. g4 Rxc6 36. Rh3 Kg8 37. Kg2 d4 38. cxd4 Rd6 39. Rc5 Rd8
40. Kg3 h6 41. Rxh6 Rxh6 42. gxh6 Kh7 43. g5 Rxd4 44. Rc7 Kg6 45. Rc5 Rd3+ 46.
Kf4 Rd4+ 47. Ke3 Rd3+ 48. Ke4 Rd8 49. Kf4 Rd4+ 1/2-1/2

[Event "Grand Rapids (MI Am/3/24)"]
[Site "?"]
[Date "1995.??.??"]
[Round "?"]
[White "Fuson, R."]
[Black "Neely, Richard"]
[Result "1/2-1/2"]
[WhiteElo "1605"]
[BlackElo "1605"]
[PlyCount "46"]
[EventDate "1995.??.??"]

{3/(24)} 1. d4 Nf6 2. Nf3 d5 3. Bf4 Nc6 4. e3 Bg4 5. Nbd2 Ne4 6. Be2 Bxf3 7.
Nxf3 e6 8. O-O Bd6 9. Ne5 Bxe5 10. dxe5 O-O 11. c4 d4 12. Bd3 Nc5 13. exd4 Nxd3
14. Qxd3 Qxd4 15. Qxd4 Nxd4 16. g3 c5 17. Kg2 f6 18. exf6 Rxf6 19. Be5 Rf5 20.
Bxd4 cxd4 21. f4 Re8 22. Rad1 Rd8 23. Rfe1 Kf7 1/2-1/2